000 00311nam a2200133 i 4500
001 bg
100 1 _aKOPYLOV, N. E.
245 0 _aTeorija kacajuscichsja konvejerov /
_cN.E. Kopylov.
260 _aMoskva,
_c1963.
040 _cBPK
041 _apol
942 _cKS
008 s pl f |000 0 pol
999 _c16294
_d16294
856 _uhttp://koha.tu.koszalin.pl/cgi-bin/koha/opac-detail.pl?biblionumber=16294
_yKatalog online BPK